000 00519nab a22001457 4500
003 ES-SlBCS
005 20240210161744.0
008 240210b2023 sp ||||| |||| 00| 0 spa d
040 _aES-SlBCS
_bspa
041 _aspa
100 1 _aGonzález Blanco, Antonino
_990153
245 1 3 _aEl Congreso de Arnedo sobre monacato rupestre (16 al 18 de abril de 2001).
_b: Importancia, derivaciones y actualidad
_cAntonino González Blanco
773 0 _gNúm. 185, 2023, págs. 433-472
_tBerceo
_wRev75
_x0210-8550
942 _2lcc
_cAR
999 _c894358
_d894358